|
|
|
|
| LEADER |
00000nam0a2200000 4500 |
| 001 |
123155 |
| 005 |
20231031130408.0 |
| 035 |
|
|
|a (RuTPU)RU\TPU\book\133325
|
| 090 |
|
|
|a 123155
|
| 100 |
|
|
|a 20071012d1980 k y0rusy50 ca
|
| 101 |
0 |
|
|a rus
|
| 102 |
|
|
|a RU
|
| 105 |
|
|
|a a z 001zy
|
| 200 |
1 |
|
|a Точность кинематических цепей приборов
|f В. А. Куцоконь
|
| 210 |
|
|
|a Ленинград
|c Машиностроение
|d 1980
|
| 215 |
|
|
|a 221 с.
|c ил.
|
| 320 |
|
|
|a Библиогр.: с. 219
|
| 610 |
1 |
|
|a приборы
|
| 610 |
1 |
|
|a кинематические цепи
|
| 610 |
1 |
|
|a зубчатые передачи
|
| 610 |
1 |
|
|a червячные передачи
|
| 610 |
1 |
|
|a расчет
|
| 610 |
1 |
|
|a допуски
|
| 610 |
1 |
|
|a погрешности
|
| 610 |
1 |
|
|a зубообработка
|
| 610 |
1 |
|
|a точность
|
| 675 |
|
|
|a 621.833
|v 3
|
| 700 |
|
1 |
|a Куцоконь
|b В. А.
|g Владимир Артемьевич
|
| 801 |
|
1 |
|a RU
|b 63413507
|c 20071012
|g PSBO
|
| 801 |
|
2 |
|a RU
|b 63413507
|c 20220719
|g PSBO
|
| 942 |
|
|
|c BK
|